000 00535nam a22002057a 4500
003 OSt
005 20220107122731.0
008 140222b xxu||||| |||| 00| 0 eng d
020 _a9789350237328
040 _cIIITM-K
082 _a005.432A DAR/S
245 _aAndroid cookbook
_cedited by Ian F Darwin
260 _aMumbai,
_bO'Reilly,
_c2012.
300 _axix, 661p.
650 _aCOMPUTER SCIENCE
_93230
650 _aOPERATING SYSTEMS
_93231
650 _aANDROID O S
_93232
700 _aDarwin, Ian F
_93233
942 _2ddc
_cBK
999 _c3605
_d3605